| 000 | 00572nam a2200181 4500 | ||
|---|---|---|---|
| 003 | AR-RoIUNI | ||
| 005 | 20250821123438.0 | ||
| 008 | 250821b |||||||| |||| 00| 0 spa d | ||
| 040 | _cAR-RoIUNI | ||
| 080 | _a159.9 | ||
| 100 | _aBossa, Lucas | ||
| 245 |
_aEl trabajo de enfermeria y su relacion con el sufrimiento humano, _bdurante la pandemia de COVID-19 en una institucion sanitaria publica de la ciudad de Venado Tuerto |
||
| 260 |
_aROSARIO _bIUNIR _c2025 |
||
| 650 |
_aPsicologia _9108 |
||
| 650 |
_aEnfermeria _986 |
||
| 700 | _aBossa, Lucas | ||
| 942 |
_2cdu _cTIFO |
||
| 999 |
_c6205 _d6205 |
||